Уходил на войну сибиряк...Томичи на фронтах Великой Отечественной

Dettagli Bibliografici
Autore principale: Герасимов В. А. Виктор Андреевич
Altri autori: Осокин Е. В. Евгений Васильевич
Riassunto:«Ратный подвиг томичей» — рассказ о сформированных в нашем городе дивизиях и военных училищах через биографии и судьбы солдат и офицеров, их воспоминания и комментарии автора — преподавателя военной кафедры Томского политехнического университета подполковника В А. Герасимова (литературная обработка Е. В. Осокина). Рецензенты: член Союза писателей России Владимир Колыхалов, доктор исторических наук профессор Л. Н. Ульянов, кандидат педагогических наук гвардии подполковник в отставке Н. Н. Аксенов. В цикле очерков «От моря до моря» писателя Евгения Осокина впервые рассказывается о фронтовых судьбах томичей, воевавших в «чужих» дивизиях, на всех фронтах — от Черного моря до Баренцева, отмеченных и за труд званиями Героев, лауреатов Государственных премий, высшими орденами. Здесь же — миниатюры автора, участника войны, военного корреспондента. Рецензенты: заслуженный работник культуры России И. А. Мизгирев, полковник в отставке Д. В. Лебедев. Третья часть книги — «Эстафета мужества» — о пограничниках, воинах-интернационалистах — включает в себя и рассказ о мемориалах, музеях боевой славы томичей, фотодокументы — подготовлена также Виктором Герасимовым. Составители приложения — Виктор Герасимов («Строки из книг») и Евгений Осокин («Солдатские треугольники», «Из фронтового юмора»).
Lingua:russo
Pubblicazione: Томск, Томское книжное издательство, 1992
Soggetti:
Natura: Libro
KOHA link:https://koha.lib.tpu.ru/cgi-bin/koha/opac-detail.pl?biblionumber=15733

MARC

LEADER 00000nam0a2200000 4500
001 15733
005 20231101205034.0
035 |a (RuTPU)RU\TPU\book\15846 
035 |a BOOK00000534 
090 |a 15733 
100 |a 20011209d1992 m y0rusy50 ca 
101 0 |a rus 
102 |a RU 
105 |a y z 000zy 
200 1 |a Уходил на войну сибиряк...Томичи на фронтах Великой Отечественной  |f В. А. Герасимов, Е. В. Осокин 
210 |a Томск  |c Томское книжное издательство  |d 1992 
215 |a 278 с. 
317 |5 63413507: КР-2254  |a Поступила в НТБ в 2017 г. в составе книжного собрания ректора ТПИ И. П. Чучалина 
330 |a «Ратный подвиг томичей» — рассказ о сформированных в нашем городе дивизиях и военных училищах через биографии и судьбы солдат и офицеров, их воспоминания и комментарии автора — преподавателя военной кафедры Томского политехнического университета подполковника В А. Герасимова (литературная обработка Е. В. Осокина). Рецензенты: член Союза писателей России Владимир Колыхалов, доктор исторических наук профессор Л. Н. Ульянов, кандидат педагогических наук гвардии подполковник в отставке Н. Н. Аксенов. В цикле очерков «От моря до моря» писателя Евгения Осокина впервые рассказывается о фронтовых судьбах томичей, воевавших в «чужих» дивизиях, на всех фронтах — от Черного моря до Баренцева, отмеченных и за труд званиями Героев, лауреатов Государственных премий, высшими орденами. Здесь же — миниатюры автора, участника войны, военного корреспондента. Рецензенты: заслуженный работник культуры России И. А. Мизгирев, полковник в отставке Д. В. Лебедев. Третья часть книги — «Эстафета мужества» — о пограничниках, воинах-интернационалистах — включает в себя и рассказ о мемориалах, музеях боевой славы томичей, фотодокументы — подготовлена также Виктором Герасимовым. Составители приложения — Виктор Герасимов («Строки из книг») и Евгений Осокин («Солдатские треугольники», «Из фронтового юмора»). 
606 1 |a Томская область в Великой Отечественной войне 1941-1945  |2 stltpush  |3 (RuTPU)RU\TPU\subj\66914  |9 82890 
606 1 |a Томская область  |x История  |2 stltpush  |3 (RuTPU)RU\TPU\subj\67227  |9 83110 
610 1 |a история 
610 1 |a Россия 
610 1 |a Западная Сибирь 
610 1 |a Томская область 
610 1 |a Великая Отечественная война 1941-1945 
610 1 |a 20 век 
610 1 |a коллекция И. П. Чучалина 
610 1 |a дары библиотеке 
686 |a Т3(2)622-9  |v LBC/SL-A  |2 rubbk 
686 |a Т3(253.3-4Том)  |v LBC/SL-A  |2 rubbk 
700 1 |a Герасимов  |b В. А.  |g Виктор Андреевич 
701 1 |a Осокин  |b Е. В.  |g Евгений Васильевич 
801 0 |a RU  |b 63413507  |c 20011209  |g PSBO 
801 2 |a RU  |b 63413507  |c 20210813  |g PSBO 
942 |c BK